000 00230nam a22000857a 4500
008 170608b xxu||||| |||| 00| 0 eng d
100 _93339
_aShankar. A
245 _aThe story of Gandhi
260 _aNew Delhi
_bChildren's Book Trust
_c1969
999 _c6658
_d6658